000 00287nam a22001337a 4500
008 190205b xxu||||| |||| 00| 0 eng d
020 _a9780028028651
041 _aeng
080 _29th
_a331
100 _a58
101 _aBIZ
245 _aBusiness Law
_cBrown,G.W
942 _2udc
_cBK
999 _c53963
_d53963